Finanzierungsperspektiven für die 90er Jahre Zentralsparkasse und Kommerzialbank (Record no. 318)

MARC details
000 -LEADER
fixed length control field 00562nam a22002057i 4500
001 - CONTROL NUMBER
control field 322
003 - CONTROL NUMBER IDENTIFIER
control field OSt
005 - DATE AND TIME OF LATEST TRANSACTION
control field 20170126082242.0
007 - PHYSICAL DESCRIPTION FIXED FIELD--GENERAL INFORMATION
fixed length control field tu
008 - FIXED-LENGTH DATA ELEMENTS--GENERAL INFORMATION
fixed length control field 161220s1988 xxu||||| |||| 00| 0 d
024 7# - OTHER STANDARD IDENTIFIER
Standard number or code 321
Source of number or code RID
040 ## - CATALOGING SOURCE
Transcribing agency OSt
084 ## - OTHER CLASSIFICATION NUMBER
Classification number 8.4
-- 14.4
-- 15.24
-- 9.30
-- 15.503
Number source z
110 2# - MAIN ENTRY--CORPORATE NAME
Corporate name or jurisdiction name as entry element Zentralsparkasse und Kommerzialbank Wien
Relator term Ed.
245 00 - TITLE STATEMENT
Title Finanzierungsperspektiven für die 90er Jahre Zentralsparkasse und Kommerzialbank
260 ## - PUBLICATION, DISTRIBUTION, ETC.
Place of publication, distribution, etc. Wien,
Date of publication, distribution, etc. 1988.
300 ## - PHYSICAL DESCRIPTION
Extent 78 S. ;
Dimensions 21cm.
490 ## - SERIES STATEMENT
Series statement Perspektiven,Berichte,Analysen
651 ## - SUBJECT ADDED ENTRY--GEOGRAPHIC NAME
Geographic name Monarchie
942 ## - ADDED ENTRY ELEMENTS (KOHA)
Koha item type Book
Holdings
Withdrawn status Lost status Damaged status Not for loan Home library Current library Shelving location Date acquired Inventory number Total Checkouts Full call number Barcode Date last seen Price effective from Koha item type
        WIIW WIIW Souterrain 06/16/1992 322   I-4.951 300320 01/26/2017 01/26/2017 Book
The Vienna Instiute for International Economic Studies (wiiw)